[Event "Titled Tuesday intern op 16th Jan Early"]
[Site "Chess.com INT"]
[Date "2024.01.16"]
[Round "3"]
[White "Bao, Qilin"]
[Black "Sarkar, Justin"]
[Result "1-0"]
[WhiteElo "2419"]
[BlackElo "2272"]
[PlyCount "51"]
[EventDate "2024.01.16"]
[EventType "swiss (blitz)"]
[EventRounds "11"]
[EventCountry "USA"]
[SourceTitle "CB04_2024"]
[SourceDate "2023.10.16"]
[SourceVersion "1"]
[SourceVersionDate "2023.10.16"]
[SourceQuality "1"]

1. Nf3 Nf6 2. g3 d6 3. d4 Nbd7 4. Bg2 e5 5. 0-0 Be7 6. b3 0-0 7. Bb2 e4 8. Nfd2 d5 9. e3 c6 10. c4 Re8 11. Ba3 Nf8 12. Bxe7 Qxe7 13. Nc3 h5 14. h4 Bg4 15. Qc2 Ne6 16. f3 exf3 17. Nxf3 g6 18. Ne5 Bf5 19. Rxf5 gxf5 20. cxd5 cxd5 21. Qxf5 Ng7 22. Qf4 Rad8 23. Rf1 Rd6 24. Qg5 Ne4 25. Bxe4 dxe4 26. Nxe4 1-0

[Event "Titled Tuesday intern op 14th Nov Early"]
[Site "Chess.com INT"]
[Date "2023.11.14"]
[Round "8"]
[White "Martinez Fernandez, Adrian"]
[Black "Bao, Qilin"]
[Result "0-1"]
[WhiteElo "2405"]
[BlackElo "2419"]
[PlyCount "70"]
[EventDate "2023.11.14"]
[EventType "swiss (blitz)"]
[EventRounds "11"]
[EventCountry "USA"]
[SourceTitle "CB47_2023"]
[SourceDate "2023.11.22"]
[SourceVersion "1"]
[SourceVersionDate "2023.11.22"]
[SourceQuality "1"]

1. e4 e6 2. d4 d5 3. Bd3 c5 4. c3 cxd4 5. cxd4 Nc6 6. Nf3 Bb4+ 7. Nc3 Nf6 8. e5 Ne4 9. Bd2 Nxd2 10. Qxd2 Qb6 11. 0-0 Bd7 12. a3 Bxc3 13. bxc3 Na5 14. Ng5 h6 15. Nxf7 Kxf7 16. Qf4+ Ke7 17. Qh4+ g5 18. Qh5 Raf8 19. f4 Be8 20. Qg4 Nc4 21. fxg5 Ne3 22. Qh4 Nxf1 23. gxh6+ Kd7 24. Rxf1 Rxf1+ 25. Bxf1 Qb1 26. Qf6 Rh7 27. h4 Rf7 28. h7 Qxh7 29. Bb5+ Kc7 30. Qxe6 Bxb5 31. Qd6+ Kc8 32. Qc5+ Bc6 33. e6 Re7 34. c4 Qxh4 35. Qa5 Qxd4+ 0-1

[Event "Titled Tuesday intern op 14th Nov Early"]
[Site "Chess.com INT"]
[Date "2023.11.14"]
[Round "11"]
[White "Novik, Maxim"]
[Black "Bao, Qilin"]
[Result "0-1"]
[WhiteElo "2375"]
[BlackElo "2419"]
[PlyCount "34"]
[EventDate "2023.11.14"]
[EventType "swiss (blitz)"]
[EventRounds "11"]
[EventCountry "USA"]
[SourceTitle "CB47_2023"]
[SourceDate "2023.11.22"]
[SourceVersion "1"]
[SourceVersionDate "2023.11.22"]
[SourceQuality "1"]

1. e4 c6 2. d4 d5 3. Nc3 dxe4 4. Nxe4 Bf5 5. Ng3 Bg6 6. h4 h6 7. Nf3 Nd7 8. h5 Bh7 9. Bd3 Bxd3 10. Qxd3 Qc7 11. Bd2 0-0-0 12. 0-0-0 e6 13. Ne4 c5 14. g3 cxd4 15. Bf4 e5 16. Bd2 f5 17. Nh4 fxe4 0-1

[Event "CHN-chTB"]
[Site "Harbin"]
[Date "2019.07.22"]
[Round "4.2"]
[White "Bao, Qilin"]
[Black "Andriasian, Zaven"]
[Result "0-1"]
[WhiteElo "2420"]
[BlackElo "2589"]
[PlyCount "44"]
[EventDate "2019.07.20"]
[EventType "team-swiss"]
[EventRounds "11"]
[EventCountry "CHN"]
[SourceTitle "CBM 191 Extra"]
[Source "ChessBase"]
[SourceDate "2019.09.30"]
[SourceVersion "1"]
[SourceVersionDate "2019.09.30"]
[SourceQuality "1"]
[WhiteTeam "Heilongjiang"]
[BlackTeam "Qingdao Qingwei"]
[WhiteTeamCountry "CHN"]
[BlackTeamCountry "CHN"]

1. Nf3 d5 2. g3 Bg4 3. Bg2 Nd7 4. d4 Ngf6 5. 0-0 e6 6. Nbd2 Be7 7. Re1 0-0 8. e4 c5 9. exd5 Nxd5 10. h3 Bh5 11. Ne4 cxd4 12. Qxd4 Nb4 13. Qd2 Rc8 14. c3 Bxf3 15. cxb4 Ne5 16. a3 Qb6 17. Qe3 Bxg2 18. Kxg2 Qc6 19. Qd4 f6 20. b5 Qxb5 21. Nc3 Qa6 22. Bf4 Nd3 0-1

[Event "CHN-chT"]
[Site "Daqing"]
[Date "2019.06.25"]
[Round "7.6"]
[White "Bao, Qilin"]
[Black "Zhou, Yibo"]
[Result "1-0"]
[WhiteElo "2412"]
[BlackElo "1934"]
[PlyCount "83"]
[EventDate "2019.06.19"]
[EventType "team-swiss"]
[EventRounds "9"]
[EventCountry "CHN"]
[SourceTitle "CBM 191 Extra"]
[Source "ChessBase"]
[SourceDate "2019.09.30"]
[SourceVersion "1"]
[SourceVersionDate "2019.09.30"]
[SourceQuality "1"]
[WhiteTeam "Heilongjiang"]
[BlackTeam "Shanxi"]
[WhiteTeamCountry "CHN"]
[BlackTeamCountry "CHN"]

1. d4 Nf6 2. c4 e6 3. g3 Bb4+ 4. Nd2 0-0 5. Bg2 d5 6. Ngf3 c5 7. 0-0 Nc6 8. dxc5 Bxc5 9. a3 a5 10. cxd5 exd5 11. Nb3 Be7 12. Be3 Bf5 13. Nfd4 Nxd4 14. Nxd4 Be4 15. f3 Bg6 16. Rc1 Re8 17. Qd2 Qd7 18. Rc3 Bd6 19. Rfc1 h6 20. Bf4 Bxf4 21. Qxf4 Rac8 22. Rc7 Rxc7 23. Qxc7 Qa4 24. Qc5 Nd7 25. Qxd5 Nb6 26. Qd6 Nc4 27. Qc5 Nxb2 28. Bf1 Rd8 29. Nb5 Qb3 30. Rc3 Qd1 31. Qe5 Qe1 32. Qc5 Nd1 33. Rc1 Rd5 34. Qb6 Rxb5 35. Qd8+ Kh7 36. Rxd1 Qc3 37. Kg2 Rb1 38. Rxb1 Bxb1 39. a4 Bc2 40. Qd7 Qc6 41. Qxf7 Qxa4 42. e4 1-0

[Event "CHN-chT"]
[Site "Daqing"]
[Date "2019.06.24"]
[Round "6.4"]
[White "Xu, Yi"]
[Black "Bao, Qilin"]
[Result "1/2-1/2"]
[WhiteElo "2526"]
[BlackElo "2412"]
[PlyCount "85"]
[EventDate "2019.06.19"]
[EventType "team-swiss"]
[EventRounds "9"]
[EventCountry "CHN"]
[SourceTitle "CBM 191 Extra"]
[Source "ChessBase"]
[SourceDate "2019.09.30"]
[SourceVersion "1"]
[SourceVersionDate "2019.09.30"]
[SourceQuality "1"]
[WhiteTeam "Shanghai"]
[BlackTeam "Heilongjiang"]
[WhiteTeamCountry "CHN"]
[BlackTeamCountry "CHN"]

1. e4 c6 2. d4 d5 3. e5 Bf5 4. Nf3 e6 5. Be2 Nd7 6. 0-0 Ne7 7. c3 h6 8. Nbd2 Qc7 9. b4 a5 10. Nb3 axb4 11. cxb4 Nb6 12. Na5 Bg4 13. a3 Nf5 14. Qd3 Bh5 15. h3 Bg6 16. Qb3 Be7 17. Bb2 0-0 18. Rac1 Nd7 19. Qd1 Rfc8 20. Bd3 Qb6 21. Nb3 Qd8 22. Na5 Qb6 23. Qe2 Nh4 24. Bxg6 Nxg6 25. g3 Qa7 26. h4 Bd8 27. Nb3 Ne7 28. Nc5 b6 29. Nxd7 Qxd7 30. Ne1 Nf5 31. Nd3 Qa7 32. h5 Qa6 33. g4 Nh4 34. Qe3 Qb5 35. Kh2 Be7 36. Kg3 c5 37. dxc5 bxc5 38. bxc5 Ra4 39. Nb4 Rxc5 40. Bd4 Rc4 41. Rxc4 dxc4 42. Rh1 Qb7 43. Rh2 1/2-1/2

[Event "Adelaide Lidums IM"]
[Site "Adelaide"]
[Date "2018.12.12"]
[Round "6.1"]
[White "Ang, Alphaeus Wei Ern"]
[Black "Bao, Qilin"]
[Result "1/2-1/2"]
[WhiteElo "2118"]
[BlackElo "2420"]
[PlyCount "230"]
[EventDate "2018.12.08"]
[EventType "tourn"]
[EventRounds "9"]
[EventCountry "AUS"]
[EventCategory "1"]
[SourceTitle "CBM 187 Extra"]
[Source "ChessBase"]
[SourceDate "2018.11.04"]
[SourceVersion "1"]
[SourceVersionDate "2018.11.04"]
[SourceQuality "1"]

1. d4 Nf6 2. c4 b6 3. Nc3 Bb7 4. e3 e6 5. Nf3 d5 6. cxd5 exd5 7. Bd3 Be7 8. 0-0 0-0 9. Ne5 c5 10. f4 Nc6 11. Qf3 cxd4 12. Nxc6 Bxc6 13. exd4 Re8 14. Be3 Ne4 15. Bxe4 dxe4 16. Qe2 Bb4 17. d5 Bb7 18. Rfd1 Qd7 19. Rac1 Rad8 20. a3 Bxc3 21. bxc3 Qd6 22. c4 Ba6 23. Qb2 Rc8 24. Qb3 Qd7 25. Qb4 h6 26. d6 Rc6 27. Qa4 Bb7 28. c5 Rd8 29. Qb4 bxc5 30. Bxc5 Ba8 31. Be3 Rxc1 32. Rxc1 Bd5 33. Rd1 Qxd6 34. Qxd6 Rxd6 35. Bxa7 Ra6 36. Bc5 Bc4 37. Kf2 Rc6 38. Bb4 Bd3 39. Ke3 Rc2 40. Rd2 Rc1 41. Rb2 Rh1 42. h3 Ra1 43. Kd4 Kh7 44. Ke3 h5 45. Kd4 Kg6 46. Ke3 Kf5 47. g4+ hxg4 48. hxg4+ Ke6 49. Bc3 Rg1 50. Bxg7 Rxg4 51. Rb6+ Kd5 52. Be5 Rg2 53. Rd6+ Kc5 54. f5 Re2+ 55. Kf4 Rf2+ 56. Kg5 Rf3 57. Rd8 e3 58. Bd4+ Kc4 59. Bxe3 Rxe3 60. Kf6 Rf3 61. Kxf7 Bxf5 62. Kf6 Bh3+ 63. Ke5 Re3+ 64. Kf6 Rxa3 65. Rd2 Re3 66. Rd8 Bg2 67. Rc8+ Kd4 68. Rd8+ Bd5 69. Kg6 Rf3 70. Rb8 Ke5 71. Rb5 Rg3+ 72. Kh7 Ke6 73. Ra5 Kf7 74. Ra7+ Kf6 75. Kh8 Be6 76. Rg7 Rh3+ 77. Rh7 Ra3 78. Rh6+ Kf7 79. Rh7+ Kf8 80. Rg7 Bf7 81. Rg8+ Ke7 82. Rg1 Kf6 83. Rf1+ Kg6 84. Rg1+ Kh6 85. Rh1+ Bh5 86. Rg1 Bf3 87. Kg8 Re3 88. Kf7 Kh5 89. Kf6 Bg4 90. Rh1+ Bh3 91. Rg1 Re6+ 92. Kf7 Ra6 93. Rh1 Kg4 94. Rg1+ Kf5 95. Rg7 Bf1 96. Kg8 Bc4+ 97. Kh7 Ra1 98. Kh8 Be6 99. Rg2 Ra8+ 100. Kh7 Bd5 101. Rg1 Be4 102. Rf1+ Kg5+ 103. Kg7 Bf5 104. Rg1+ Bg4 105. Rf1 Ra2 106. Rf7 Bf5 107. Rf6 Rh2 108. Ra6 Rh7+ 109. Kg8 Rc7 110. Kh8 Bg6 111. Ra1 Kh6 112. Rh1+ Bh5 113. Rg1 Rh7+ 114. Kg8 Re7 115. Kh8 Bg6 1/2-1/2

[Event "Adelaide Lidums IM"]
[Site "Adelaide"]
[Date "2018.12.10"]
[Round "4"]
[White "Bao, Qilin"]
[Black "Chan, Luis"]
[Result "1-0"]
[WhiteElo "2420"]
[BlackElo "2261"]
[PlyCount "59"]
[EventDate "2018.12.08"]
[EventType "tourn"]
[EventRounds "9"]
[EventCountry "AUS"]
[EventCategory "1"]
[SourceTitle "CBM 187 Extra"]
[Source "ChessBase"]
[SourceDate "2018.11.04"]
[SourceVersion "1"]
[SourceVersionDate "2018.11.04"]
[SourceQuality "1"]

1. Nf3 d5 2. g3 Bg4 3. Bg2 Nd7 4. 0-0 c6 5. d3 Ngf6 6. h3 Bxf3 7. Bxf3 e5 8. c4 dxc4 9. dxc4 e4 10. Bg2 Bc5 11. Qb3 Qb6 12. Nc3 e3 13. f4 0-0 14. Na4 Qxb3 15. axb3 Bd4 16. b4 c5 17. Rd1 Rfd8 18. Ra3 Rab8 19. Rad3 Re8 20. Nxc5 Bxc5 21. bxc5 Nxc5 22. Rxe3 Red8 23. Re1 a5 24. Re5 b6 25. Be3 Nb3 26. Rb5 Nd2 27. Bxd2 Rxd2 28. c5 Nd7 29. c6 Nf8 30. Rc1 1-0

[Event "CHN-chT"]
[Site "Hangzhou"]
[Date "2018.06.24"]
[Round "8.4"]
[White "Bao, Qilin"]
[Black "Xu, Minghui"]
[Result "1/2-1/2"]
[WhiteElo "2430"]
[BlackElo "2317"]
[PlyCount "20"]
[EventDate "2018.06.19"]
[EventType "team-swiss"]
[EventRounds "9"]
[EventCountry "CHN"]
[SourceTitle "CBM 185 Extra"]
[Source "ChessBase"]
[SourceDate "2018.07.29"]
[SourceVersion "1"]
[SourceVersionDate "2018.07.29"]
[SourceQuality "1"]
[WhiteTeam "Heilongjiang"]
[BlackTeam "Zhejiang"]
[WhiteTeamCountry "CHN"]
[BlackTeamCountry "CHN"]

1. e4 e5 2. Nf3 Nf6 3. d4 d5 4. Nxe5 Nxe4 5. Bd3 Nd7 6. Nxf7 Kxf7 7. Qh5+ Ke6 8. Qg4+ Kf7 9. Qh5+ Ke7 10. Qe2 Kf7 1/2-1/2

[Event "CHN-chT"]
[Site "Hangzhou"]
[Date "2018.06.22"]
[Round "5.5"]
[White "Xu, Yi"]
[Black "Bao, Qilin"]
[Result "1/2-1/2"]
[WhiteElo "2534"]
[BlackElo "2430"]
[PlyCount "69"]
[EventDate "2018.06.19"]
[EventType "team-swiss"]
[EventRounds "9"]
[EventCountry "CHN"]
[SourceTitle "CBM 185 Extra"]
[Source "ChessBase"]
[SourceDate "2018.07.29"]
[SourceVersion "1"]
[SourceVersionDate "2018.07.29"]
[SourceQuality "1"]
[WhiteTeam "Shanghai"]
[BlackTeam "Heilongjiang"]
[WhiteTeamCountry "CHN"]
[BlackTeamCountry "CHN"]

1. e4 e6 2. d4 d5 3. Nc3 dxe4 4. Nxe4 Bd7 5. Nf3 Bc6 6. Bd3 Nd7 7. 0-0 Ngf6 8. Ng3 g6 9. b3 Bg7 10. Ba3 Bf8 11. Bb2 Bg7 12. Ba3 Bf8 13. Bb2 Bg7 14. c4 0-0 15. Ne5 Nxe5 16. dxe5 Nd7 17. f4 Nc5 18. Bc2 Qxd1 19. Raxd1 Rfd8 20. Ne2 Be4 21. Bxe4 Nxe4 22. Nc3 Nxc3 23. Bxc3 h5 24. Kf2 Kf8 25. h3 Ke7 26. g4 hxg4 27. hxg4 f5 28. gxf5 gxf5 29. Bb4+ Ke8 30. Rg1 Kf7 31. Kf3 b6 32. a4 c5 33. Ba3 a5 34. Bc1 Bf8 35. Be3 1/2-1/2

[Event "CHN-chT"]
[Site "Hangzhou"]
[Date "2018.06.20"]
[Round "3.2"]
[White "Bao, Qilin"]
[Black "Xiu, Deshun"]
[Result "0-1"]
[WhiteElo "2430"]
[BlackElo "2528"]
[PlyCount "136"]
[EventDate "2018.06.19"]
[EventType "team-swiss"]
[EventRounds "9"]
[EventCountry "CHN"]
[SourceTitle "CBM 185 Extra"]
[Source "ChessBase"]
[SourceDate "2018.07.29"]
[SourceVersion "1"]
[SourceVersionDate "2018.07.29"]
[SourceQuality "1"]
[WhiteTeam "Heilongjiang"]
[BlackTeam "Beijing Beiao"]
[WhiteTeamCountry "CHN"]
[BlackTeamCountry "CHN"]

1. d4 g6 2. Bf4 Bg7 3. e3 d6 4. Nf3 Nd7 5. Bc4 e6 6. c3 Ne7 7. h3 h6 8. Bh2 0-0 9. Nbd2 e5 10. dxe5 dxe5 11. 0-0 Nf5 12. Bb3 Qe7 13. e4 Nd6 14. Nc4 Nxc4 15. Bxc4 Nb6 16. Bb3 a5 17. a4 Rd8 18. Qe2 Bd7 19. Rfd1 Qe8 20. Bg3 Bc6 21. Rxd8 Rxd8 22. Qc2 Kh7 23. Nh2 f6 24. f3 h5 25. Bf2 Bh6 26. Nf1 Qd7 27. Bh4 Kg7 28. Bf2 Qd6 29. Qe2 Qd7 30. Qc2 Kh7 31. Bh4 Qd6 32. Qe2 Kg7 33. Bf2 Qe7 34. Kh1 Qd7 35. Qc2 Qd3 36. Qxd3 Rxd3 37. Kg1 Rd8 38. Bc5 Nd7 39. Ba3 Re8 40. Kf2 Nb6 41. Bc5 Nd7 42. Ba3 Nb6 43. Bc5 Rd8 44. Ke2 Nd7 45. Ba3 b5 46. Rd1 b4 47. cxb4 axb4 48. Bxb4 Rb8 49. Bd5 Bxa4 50. b3 Rxb4 51. bxa4 Rxa4 52. Bb3 Rd4 53. Ra1 Rb4 54. Ra7 Rxb3 55. Rxc7 Rb2+ 56. Ke1 Rxg2 57. Rxd7+ Kf8 58. Rd8+ Kf7 59. Rd7+ Ke6 60. Rb7 Bf4 61. Rb6+ Kf7 62. Rb7+ Kg8 63. Rc7 Bg5 64. Rd7 Kf8 65. Rb7 Bh4+ 66. Kd1 Rf2 67. Ne3 Rxf3 68. Ke2 Rxh3 0-1

[Event "CHN-chT"]
[Site "Hangzhou"]
[Date "2018.06.19"]
[Round "1.7"]
[White "Bao, Qilin"]
[Black "Wang, Yifan2222"]
[Result "1-0"]
[WhiteElo "2430"]
[BlackElo "1674"]
[PlyCount "69"]
[EventDate "2018.06.19"]
[EventType "team-swiss"]
[EventRounds "9"]
[EventCountry "CHN"]
[SourceTitle "CBM 185 Extra"]
[Source "ChessBase"]
[SourceDate "2018.07.29"]
[SourceVersion "1"]
[SourceVersionDate "2018.07.29"]
[SourceQuality "1"]
[WhiteTeam "Heilongjiang"]
[BlackTeam "Shenzhen"]
[WhiteTeamCountry "CHN"]
[BlackTeamCountry "CHN"]

1. Nf3 d5 2. c4 c6 3. e3 Nf6 4. b3 g6 5. d4 Bg7 6. Be2 Nbd7 7. cxd5 cxd5 8. 0-0 Ne4 9. a4 b6 10. b4 a6 11. Qb3 Bb7 12. Ba3 0-0 13. Rc1 Re8 14. b5 a5 15. Nc3 e6 16. Nxe4 dxe4 17. Nd2 Bd5 18. Bc4 Bb7 19. Ra2 Nf6 20. Rac2 Nd5 21. Bxd5 Bxd5 22. Qb1 e5 23. dxe5 Bxe5 24. Bb2 Qf6 25. Bxe5 Rxe5 26. Nf1 h5 27. Qb2 Kg7 28. Rc8 Rxc8 29. Rxc8 Re6 30. Qa3 Rd6 31. h3 Qe6 32. Qc3+ Qf6 33. Ng3 h4 34. Ne2 Be6 35. Rg8+ 1-0

[Event "Cappelle op 34th"]
[Site "Cappelle la Grande"]
[Date "2018.03.05"]
[Round "4.1"]
[White "Bao, Qilin"]
[Black "Bauer, Christian"]
[Result "0-1"]
[WhiteElo "2436"]
[BlackElo "2628"]
[PlyCount "96"]
[EventDate "2018.03.03"]
[EventType "swiss"]
[EventRounds "9"]
[EventCountry "FRA"]
[SourceTitle "EXT 2019"]
[Source "ChessBase"]
[SourceDate "2018.10.10"]
[SourceVersion "1"]
[SourceVersionDate "2018.10.10"]
[SourceQuality "1"]

1. d4 Nf6 2. Nf3 d6 3. g3 Nbd7 4. Bg2 e5 5. 0-0 e4 6. Nfd2 d5 7. c4 c6 8. Nc3 Be7 9. cxd5 cxd5 10. f3 exf3 11. Nxf3 0-0 12. Kh1 Nb6 13. Ne5 Be6 14. Qd3 Rc8 15. Bf4 Ne8 16. Rac1 a6 17. a4 f6 18. Nf3 g5 19. Be3 Ng7 20. Nd2 Bb4 21. Na2 Rxc1 22. Rxc1 Be7 23. Qb3 Nf5 24. Bf2 Bf7 25. Nc3 a5 26. Nb5 Bb4 27. Nf1 Re8 28. Qf3 Bg6 29. Nc7 Re4 30. Kg1 Nd6 31. Ne3 Bd2 32. Rc5 Bxe3 33. Bxe3 Nf5 34. Bf2 Nxd4 35. Qa3 Nxe2+ 36. Kf1 Re5 37. Qb3 Kh8 38. Qxb6 Bd3 39. Nxd5 Rxd5 40. Rxd5 Nd4+ 41. Kg1 Qxb6 42. Bxd4 Qe6 43. h3 Be4 44. Bxe4 Qxe4 45. Bxf6+ Kg8 46. Rd4 Qe3+ 47. Kg2 Kf7 48. Bh8 Qe8 0-1

[Event "Pfalz op-A 9th"]
[Site "Neustadt an der Weinstrasse"]
[Date "2018.02.13"]
[Round "8"]
[White "Bao, Qilin"]
[Black "Malakhatko, Vadim"]
[Result "1/2-1/2"]
[WhiteElo "2426"]
[BlackElo "2541"]
[PlyCount "21"]
[EventDate "2018.02.09"]
[EventType "swiss"]
[EventRounds "9"]
[EventCountry "GER"]
[SourceTitle "CBM 182 Extra"]
[Source "ChessBase"]
[SourceDate "2018.02.23"]
[SourceVersion "1"]
[SourceVersionDate "2018.02.23"]
[SourceQuality "1"]

1. Nf3 d5 2. c4 c6 3. d4 Nf6 4. e3 a6 5. Bd3 Bg4 6. b3 e6 7. 0-0 Nbd7 8. Bb2 Bh5 9. Nbd2 Be7 10. Qc2 Bg6 11. Rad1 1/2-1/2

[Event "Pfalz op-A 9th"]
[Site "Neustadt an der Weinstrasse"]
[Date "2018.02.12"]
[Round "7"]
[White "Fieberg, Samuel"]
[Black "Bao, Qilin"]
[Result "0-1"]
[WhiteElo "2302"]
[BlackElo "2426"]
[PlyCount "116"]
[EventDate "2018.02.09"]
[EventType "swiss"]
[EventRounds "9"]
[EventCountry "GER"]
[SourceTitle "CBM 182 Extra"]
[Source "ChessBase"]
[SourceDate "2018.02.23"]
[SourceVersion "1"]
[SourceVersionDate "2018.02.23"]
[SourceQuality "1"]

1. e4 e6 2. d4 d5 3. Nd2 dxe4 4. Nxe4 Bd7 5. Nf3 Bc6 6. Bd3 Nd7 7. 0-0 Ngf6 8. Ng3 Be7 9. c4 Bxf3 10. Qxf3 c6 11. b3 Qa5 12. Bc2 0-0 13. a4 Rfe8 14. Bb2 Bf8 15. Rfd1 Qg5 16. a5 a6 17. Bc3 g6 18. Nf1 Bg7 19. Re1 Rad8 20. g3 e5 21. dxe5 Nxe5 22. Bxe5 Rxe5 23. Rxe5 Qxe5 24. Ra2 Bf8 25. Qe3 Qxe3 26. Nxe3 Bc5 27. Kg2 Bxe3 28. fxe3 Rd2+ 29. Kf3 Rxh2 30. Bb1 Rxa2 31. Bxa2 Kf8 32. b4 Ke7 33. Bb3 h5 34. Kf4 Nd7 35. Bc2 Kd6 36. Bd3 Ne5 37. Be2 Ke6 38. Ke4 f5+ 39. Kd4 Nd7 40. Bf3 Kd6 41. e4 fxe4 42. Kxe4 Ne5 43. Be2 Nf7 44. Kf4 g5+ 45. Kf5 h4 46. gxh4 gxh4 47. Kg4 Ke5 48. Kxh4 Kd4 49. b5 Kc5 50. bxa6 bxa6 51. Kg3 Nd6 52. Kf2 Nb7 53. Ke3 Nxa5 54. Kd3 Kb4 55. Kd4 c5+ 56. Kd5 Nb3 57. Bd1 Nd2 58. Be2 a5 0-1

[Event "Pfalz op-A 9th"]
[Site "Neustadt an der Weinstrasse"]
[Date "2018.02.09"]
[Round "1"]
[White "Wang, Xinyue"]
[Black "Bao, Qilin"]
[Result "0-1"]
[WhiteElo "2078"]
[BlackElo "2426"]
[PlyCount "77"]
[EventDate "2018.02.09"]
[EventType "swiss"]
[EventRounds "9"]
[EventCountry "GER"]
[SourceTitle "CBM 182 Extra"]
[Source "ChessBase"]
[SourceDate "2018.02.23"]
[SourceVersion "1"]
[SourceVersionDate "2018.02.23"]
[SourceQuality "1"]

1. d4 Nf6 2. c4 e6 3. Nc3 Bb4 4. Qc2 0-0 5. a3 Bxc3+ 6. Qxc3 b6 7. Bg5 Bb7 8. f3 Nc6 9. e3 d6 10. Bd3 e5 11. Bxf6 Qxf6 12. d5 Ne7 13. Ne2 Qg5 14. f4 Qh4+ 15. g3 Qh5 16. g4 Qh4+ 17. Kd2 c6 18. fxe5 dxe5 19. d6 Ng6 20. c5 bxc5 21. Bf5 Rad8 22. Qxc5 Qe7 23. Kc2 Rxd6 24. b4 Rfd8 25. Rhd1 Rxd1 26. Rxd1 Qxc5+ 27. bxc5 Rxd1 28. Kxd1 Ne7 29. Ng3 g6 30. Bd3 Bc8 31. g5 h6 32. gxh6 f5 33. Bc4+ Kh7 34. Ke2 Kxh6 35. e4 Kg5 36. Kf3 Kh4 37. Kg2 Kg4 38. Kf2 Kf4 39. Bd3 0-1

[Event "CHN-ch blitz"]
[Site "Shenzhen"]
[Date "2017.12.09"]
[Round "7"]
[White "Bao, Qilin"]
[Black "Xiang, Zeyu"]
[Result "1/2-1/2"]
[WhiteElo "2426"]
[BlackElo "2395"]
[PlyCount "43"]
[EventDate "2017.12.08"]
[EventType "swiss (blitz)"]
[EventRounds "9"]
[EventCountry "CHN"]
[SourceTitle "CBM 182 Extra"]
[Source "ChessBase"]
[SourceDate "2018.02.23"]
[SourceVersion "1"]
[SourceVersionDate "2018.02.23"]
[SourceQuality "1"]

1. d4 d5 2. Bf4 Nf6 3. e3 c5 4. Nf3 cxd4 5. exd4 Nc6 6. c3 Bg4 7. Nbd2 e6 8. Bb5 Qb6 9. Qa4 a6 10. Bxc6+ Qxc6 11. Qxc6+ bxc6 12. Ne5 c5 13. Nxg4 Nxg4 14. Nf3 cxd4 15. h3 Nf6 16. Nxd4 Bc5 17. 0-0-0 Kd7 18. Rhe1 Rhc8 19. Kc2 Bd6 20. Bxd6 Kxd6 21. f3 g6 22. Nb3 1/2-1/2

[Event "CHN-ch blitz"]
[Site "Shenzhen"]
[Date "2017.12.08"]
[Round "5"]
[White "Bao, Qilin"]
[Black "Zhang, Ziji"]
[Result "1/2-1/2"]
[WhiteElo "2426"]
[BlackElo "2355"]
[PlyCount "60"]
[EventDate "2017.12.08"]
[EventType "swiss (blitz)"]
[EventRounds "9"]
[EventCountry "CHN"]
[SourceTitle "CBM 182 Extra"]
[Source "ChessBase"]
[SourceDate "2018.02.23"]
[SourceVersion "1"]
[SourceVersionDate "2018.02.23"]
[SourceQuality "1"]

1. d4 Nf6 2. Bf4 d5 3. e3 c5 4. Nf3 Nc6 5. Nbd2 Bf5 6. dxc5 e6 7. Nb3 Bxc5 8. Bb5 0-0 9. 0-0 Bd6 10. Bxc6 bxc6 11. Nbd4 Bxf4 12. exf4 Qb6 13. Ne5 Rfc8 14. Nxf5 exf5 15. b3 a5 16. c4 a4 17. cxd5 cxd5 18. bxa4 Qa6 19. Rc1 Rxc1 20. Qxc1 Qxa4 21. g3 Qxa2 22. Qc7 Rf8 23. Nd7 Nxd7 24. Qxd7 Qb3 25. Rc1 g6 26. Rc5 Qb1+ 27. Kg2 Qe4+ 28. Kg1 Rb8 29. Rxd5 Rb1+ 30. Rd1 Rxd1+ 1/2-1/2

[Event "CHN-ch blitz"]
[Site "Shenzhen"]
[Date "2017.12.08"]
[Round "2"]
[White "Lan, Zilun"]
[Black "Bao, Qilin"]
[Result "0-1"]
[WhiteElo "2361"]
[BlackElo "2426"]
[PlyCount "81"]
[EventDate "2017.12.08"]
[EventType "swiss (blitz)"]
[EventRounds "9"]
[EventCountry "CHN"]
[SourceTitle "CBM 182 Extra"]
[Source "ChessBase"]
[SourceDate "2018.02.23"]
[SourceVersion "1"]
[SourceVersionDate "2018.02.23"]
[SourceQuality "1"]

1. d4 Nf6 2. c4 e6 3. g3 Bb4+ 4. Nd2 c5 5. dxc5 Na6 6. Bg2 0-0 7. Ngf3 Nxc5 8. a3 Bxd2+ 9. Bxd2 b6 10. Ng5 Bb7 11. Bxb7 Nxb7 12. 0-0 h6 13. Nf3 Rc8 14. Qa4 Nc5 15. Qc2 d5 16. cxd5 Qxd5 17. Rac1 Qb7 18. Be3 Nd5 19. Bd4 Rfd8 20. b4 Nd7 21. Qb2 f6 22. e4 Ne7 23. Nd2 e5 24. Be3 Nf8 25. f4 exf4 26. Bxf4 Kh8 27. e5 Rxc1 28. Rxc1 Nd5 29. exf6 Nxf6 30. Nc4 Qd5 31. Ne5 Kg8 32. Re1 Ne6 33. Ng6 Qd4+ 34. Qxd4 Nxd4 35. Ne7+ Kf7 36. Kg2 Re8 37. Rd1 Nc2 38. Nf5 Re2+ 39. Kf3 Re6 40. Rd3 Ne1+ 41. Kf2 0-1

[Event "CHN-ch rapid"]
[Site "Shenzhen"]
[Date "2017.12.07"]
[Round "4"]
[White "Bao, Qilin"]
[Black "Bai, Jinshi"]
[Result "0-1"]
[WhiteElo "2426"]
[BlackElo "2556"]
[PlyCount "110"]
[EventDate "2017.12.07"]
[EventType "swiss (rapid)"]
[EventRounds "9"]
[EventCountry "CHN"]
[SourceTitle "CBM 182 Extra"]
[Source "ChessBase"]
[SourceDate "2018.02.23"]
[SourceVersion "1"]
[SourceVersionDate "2018.02.23"]
[SourceQuality "1"]

1. d4 Nf6 2. Bf4 g6 3. e3 Bg7 4. Nf3 0-0 5. c3 d6 6. h3 c5 7. Nbd2 cxd4 8. cxd4 Nc6 9. Bc4 Qb6 10. Qb3 Qxb3 11. Nxb3 Bf5 12. 0-0 Rac8 13. Nbd2 Nb4 14. g4 Bd3 15. Rfc1 Bxc4 16. Rxc4 Nd3 17. Bg5 Rxc4 18. Nxc4 Rc8 19. b3 b5 20. Ncd2 Nd5 21. a4 h6 22. Bh4 g5 23. Bg3 b4 24. Nc4 Nc3 25. Kf1 d5 26. Nce5 Nxe5 27. Bxe5 Ne4 28. Bxg7 Kxg7 29. Ra2 Rc1+ 30. Kg2 Rb1 31. Ne5 Rxb3 32. Nc6 a6 33. Rc2 e6 34. a5 Nd6 35. Ne5 Rc3 36. Rxc3 bxc3 37. Kf1 Nc4 38. Ke2 c2 39. Nd3 f5 40. f3 h5 41. Nc1 h4 42. Kd3 Kf6 43. Ne2 Nxa5 44. Kxc2 e5 45. dxe5+ Kxe5 46. gxf5 Kxf5 47. Kd3 Nc6 48. Nc3 Ke5 49. Ne2 Kf5 50. Nc3 Ne5+ 51. Ke2 Ke6 52. Na4 a5 53. f4 gxf4 54. exf4 Ng6 55. Kf3 Kf5 0-1